000 00558nam a22002297a 4500
003 UA-OsUOA
001 63332
007 ta
008 20090925b un ||||| |||| 00| 0 ukr d
090 _a82,09
_bН34
942 _cBK
040 _aUA-OsUOA
_bukr
_cUA-OsUOA
_dUA-OsUOA
245 _aНаукові записки
300 _a180 с.
955 _a2
041 _aukr
080 _a82,09
260 _aІзмаїл
_c1962
250 _nВип. 3
650 7 _a82 Література. Літературознавство
_2UDC
999 _c349416
_d349416